|
|
|
|
| LEADER |
00000cam a2200000 c 4500 |
| 001 |
267176546 |
| 003 |
DE-627 |
| 005 |
20260206202126.0 |
| 007 |
tu |
| 008 |
990412s1999 xxk||||| 00| ||eng c |
| 010 |
|
|
|a 00506095
|
| 016 |
7 |
|
|a 0761963340
|2 UK
|
| 020 |
|
|
|a 0761963359
|c : £14.99 (pbk.)
|9 0-7619-6335-9
|
| 020 |
|
|
|a 0761963340
|c : £45.00
|9 0-7619-6334-0
|
| 035 |
|
|
|a (DE-627)267176546
|
| 035 |
|
|
|a (DE-603)089716868
|
| 035 |
|
|
|a (DE-576)078660106
|
| 035 |
|
|
|a (DE-599)GBV267176546
|
| 035 |
|
|
|a (OCoLC)833530617
|
| 035 |
|
|
|a (OCoLC)41018494
|
| 040 |
|
|
|a DE-627
|b ger
|c DE-627
|e rakwb
|
| 041 |
|
|
|a eng
|
| 044 |
|
|
|c XA-GB
|c XD-US
|c XB-IN
|
| 050 |
|
0 |
|a HQ1190
|
| 082 |
0 |
|
|a 305.42
|
| 084 |
|
|
|a 3,6
|2 ssgn
|
| 084 |
|
|
|a MS 3150
|2 rvk
|0 (DE-625)rvk/123671:
|
| 084 |
|
|
|a 08.25
|2 bkl
|
| 084 |
|
|
|a 71.33
|2 bkl
|
| 100 |
1 |
|
|a Beasley, Chris
|0 (DE-588)171344448
|0 (DE-627)061535761
|0 (DE-576)132145502
|4 aut
|
| 109 |
|
|
|a Beasley, Chris
|a Beasley, Christine
|
| 245 |
1 |
0 |
|a What is feminism?
|b an introduction to feminist theory
|c Chris Beasley
|
| 264 |
|
1 |
|a London [u.a.]
|b Sage Publ.
|c 1999
|
| 300 |
|
|
|a XVII, 171 S
|b graph. Darst
|
| 336 |
|
|
|a Text
|b txt
|2 rdacontent
|
| 337 |
|
|
|a ohne Hilfsmittel zu benutzen
|b n
|2 rdamedia
|
| 338 |
|
|
|a Band
|b nc
|2 rdacarrier
|
| 500 |
|
|
|a Literaturverz. S. 151 - 165
|
| 505 |
8 |
|
|a Literaturverz. S. 152 - 165
|
| 650 |
|
0 |
|a Feminism
|
| 650 |
0 |
7 |
|0 (DE-588)4222126-2
|0 (DE-627)104499168
|0 (DE-576)210278633
|a Feminismus
|2 gnd
|
| 650 |
|
4 |
|a Women
|0 (Blackwell)39510000
|
| 650 |
|
4 |
|a HQ 1101-2030 Women/feminism
|0 (Blackwell)97326040
|
| 689 |
0 |
0 |
|d s
|0 (DE-588)4222126-2
|0 (DE-627)104499168
|0 (DE-576)210278633
|a Feminismus
|2 gnd
|
| 689 |
0 |
|
|5 (DE-627)
|
| 856 |
4 |
2 |
|u http://www.gbv.de/dms/sub-hamburg/267176546.pdf
|m V:DE-601
|m B:DE-18
|q pdf/application
|x Verlag
|y Inhaltsverzeichnis
|3 Inhaltsverzeichnis
|7 1
|
| 856 |
4 |
2 |
|u http://scans.hebis.de/HEBCGI/show.pl?08971686_toc.pdf
|m V:DE-605
|q application/pdf
|3 Inhaltsverzeichnis
|7 1
|
| 935 |
|
|
|a mkri
|
| 935 |
|
|
|i Blocktest
|
| 935 |
|
|
|h HEB
|i 0501
|
| 935 |
|
|
|h HEB
|i 0503
|
| 936 |
r |
v |
|a MS 3150
|b Frauenbewegung
|k Soziologie
|k Spezielle Soziologien
|k Soziologische Geschlechterforschung (Gender Studies)
|k Spezielle Forschungsgebiete der soziologischen Geschlechterforschung
|k Geschlechtlich motivierte politische Bewegungen
|k Frauenbewegung
|0 (DE-627)144133470X
|0 (DE-625)rvk/123671:
|0 (DE-576)371334705
|
| 936 |
b |
k |
|a 08.25
|j Zeitgenössische westliche Philosophie
|0 (DE-627)106403672
|
| 936 |
b |
k |
|a 71.33
|j Frau
|x Soziologie
|0 (DE-627)106412671
|
| 936 |
s |
n |
|a m200
|2 mzub
|
| 951 |
|
|
|a BO
|
| ELC |
|
|
|b 1
|
| LOK |
|
|
|0 000 xxxxxcx a22 zn 4500
|
| LOK |
|
|
|0 001 3104548277
|
| LOK |
|
|
|0 003 DE-627
|
| LOK |
|
|
|0 004 267176546
|
| LOK |
|
|
|0 005 20100407025052
|
| LOK |
|
|
|0 008 050716||||||||||||||||ger|||||||
|
| LOK |
|
|
|0 040
|a DE-21-43
|c DE-627
|d DE-21-43
|
| LOK |
|
|
|0 541
|e 99/1132
|
| LOK |
|
|
|0 852
|a DE-21-43
|
| LOK |
|
|
|0 852 1
|c Esc 64
|m p
|9 00
|
| LOK |
|
|
|0 935
|a k043
|
| LOK |
|
|
|0 938
|k p
|
| LOK |
|
|
|0 939
|a 16-07-05
|b l01
|
| LOK |
|
|
|0 000 xxxxxcx a22 zn 4500
|
| LOK |
|
|
|0 001 3104548285
|
| LOK |
|
|
|0 003 DE-627
|
| LOK |
|
|
|0 004 267176546
|
| LOK |
|
|
|0 005 20100407074527
|
| LOK |
|
|
|0 008 050323||||||||||||||||ger|||||||
|
| LOK |
|
|
|0 040
|a DE-21-85
|c DE-627
|d DE-21-85
|
| LOK |
|
|
|0 541
|e 00-3
|
| LOK |
|
|
|0 689
|a s
|0 1311082824
|a Frauenbewegung
|
| LOK |
|
|
|0 852
|a DE-21-85
|
| LOK |
|
|
|0 852 1
|c 3.150.1999
|m p
|9 00
|
| LOK |
|
|
|0 935
|a k085
|
| LOK |
|
|
|0 938
|k p
|
| LOK |
|
|
|0 939
|a 23-03-05
|b l01
|
| LOK |
|
|
|0 000 xxxxxcx a22 zn 4500
|
| LOK |
|
|
|0 001 3104548293
|
| LOK |
|
|
|0 003 DE-627
|
| LOK |
|
|
|0 004 267176546
|
| LOK |
|
|
|0 005 20110712102753
|
| LOK |
|
|
|0 008 050309||||||||||||||||ger|||||||
|
| LOK |
|
|
|0 040
|a DE-21-52
|c DE-627
|d DE-21-52
|
| LOK |
|
|
|0 541
|e 99/298
|
| LOK |
|
|
|0 689
|a s
|0 1310854742
|a Feminismus
|
| LOK |
|
|
|0 852
|a DE-21-52
|
| LOK |
|
|
|0 852 1
|c An 699-671
|m p
|9 00
|
| LOK |
|
|
|0 935
|a k052
|
| LOK |
|
|
|0 938
|k p
|
| LOK |
|
|
|0 939
|a 09-03-05
|b l01
|
| LOK |
|
|
|0 000 xxxxxcx a22 zn 4500
|
| LOK |
|
|
|0 001 3104548722
|
| LOK |
|
|
|0 003 DE-627
|
| LOK |
|
|
|0 004 267176546
|
| LOK |
|
|
|0 005 19990922000000
|
| LOK |
|
|
|0 008 990714||||||||||||||||ger|||||||
|
| LOK |
|
|
|0 040
|a DE-Frei85
|c DE-627
|d DE-Frei85
|
| LOK |
|
|
|0 852
|a DE-Frei85
|
| LOK |
|
|
|0 852 1
|m p
|9 00
|
| LOK |
|
|
|0 938
|k p
|
| LOK |
|
|
|0 939
|a 14-07-99
|b l01
|
| ORI |
|
|
|a SA-MARC-krimdoka001.raw
|